<?xml version="1.0" encoding="UTF-8"?>
<collection xmlns="http://www.loc.gov/MARC21/slim">
 <record>
  <leader>02245cam a22003972  4500</leader>
  <controlfield tag="001">1071743988</controlfield>
  <controlfield tag="003">DE-627</controlfield>
  <controlfield tag="005">20220513131049.0</controlfield>
  <controlfield tag="007">tu</controlfield>
  <controlfield tag="008">850101s1939    xx |||||      00| ||ger c</controlfield>
  <datafield tag="035" ind1=" " ind2=" ">
   <subfield code="a">(DE-627)1071743988</subfield>
  </datafield>
  <datafield tag="035" ind1=" " ind2=" ">
   <subfield code="a">(DE-576)001743988</subfield>
  </datafield>
  <datafield tag="035" ind1=" " ind2=" ">
   <subfield code="a">(DE-599)BSZ001743988</subfield>
  </datafield>
  <datafield tag="035" ind1=" " ind2=" ">
   <subfield code="a">(OCoLC)310557127</subfield>
  </datafield>
  <datafield tag="040" ind1=" " ind2=" ">
   <subfield code="a">DE-627</subfield>
   <subfield code="b">ger</subfield>
   <subfield code="c">DE-627</subfield>
   <subfield code="e">rakwb</subfield>
  </datafield>
  <datafield tag="041" ind1=" " ind2=" ">
   <subfield code="a">ger</subfield>
  </datafield>
  <datafield tag="084" ind1=" " ind2=" ">
   <subfield code="a">NM 5400</subfield>
   <subfield code="2">rvk</subfield>
   <subfield code="0">(DE-625)rvk/126319:</subfield>
  </datafield>
  <datafield tag="084" ind1=" " ind2=" ">
   <subfield code="a">NM 6040</subfield>
   <subfield code="2">rvk</subfield>
   <subfield code="0">(DE-625)rvk/126351:</subfield>
  </datafield>
  <datafield tag="084" ind1=" " ind2=" ">
   <subfield code="a">15.32</subfield>
   <subfield code="2">bkl</subfield>
  </datafield>
  <datafield tag="100" ind1="1" ind2=" ">
   <subfield code="a">Pirenne, Henri</subfield>
   <subfield code="d">1862-1935</subfield>
   <subfield code="0">(DE-588)118792296</subfield>
   <subfield code="0">(DE-627)122968891</subfield>
   <subfield code="0">(DE-576)162563957</subfield>
   <subfield code="4">aut</subfield>
  </datafield>
  <datafield tag="240" ind1="1" ind2="0">
   <subfield code="a">Mahomet et Charlemagne &lt;dt.&gt;</subfield>
  </datafield>
  <datafield tag="245" ind1="1" ind2="0">
   <subfield code="a">Geburt des Abendlandes</subfield>
   <subfield code="b">Untergang der Antike am Mittelmeer u. Aufstieg des germanischen Mittelalters</subfield>
   <subfield code="c">Henri Pirenne. [Übers.] P. E. Huebinger</subfield>
  </datafield>
  <datafield tag="264" ind1=" " ind2="1">
   <subfield code="a">Leipzig</subfield>
   <subfield code="b">Pantheon Akad. Verlags-Anst.</subfield>
   <subfield code="c">[ca. 1939]</subfield>
  </datafield>
  <datafield tag="300" ind1=" " ind2=" ">
   <subfield code="a">386 S.</subfield>
  </datafield>
  <datafield tag="336" ind1=" " ind2=" ">
   <subfield code="a">Text</subfield>
   <subfield code="b">txt</subfield>
   <subfield code="2">rdacontent</subfield>
  </datafield>
  <datafield tag="337" ind1=" " ind2=" ">
   <subfield code="a">ohne Hilfsmittel zu benutzen</subfield>
   <subfield code="b">n</subfield>
   <subfield code="2">rdamedia</subfield>
  </datafield>
  <datafield tag="338" ind1=" " ind2=" ">
   <subfield code="a">Band</subfield>
   <subfield code="b">nc</subfield>
   <subfield code="2">rdacarrier</subfield>
  </datafield>
  <datafield tag="700" ind1="1" ind2=" ">
   <subfield code="a">Hübinger, Paul Egon</subfield>
   <subfield code="e">Übers.</subfield>
   <subfield code="0">(DE-627)1231507020</subfield>
   <subfield code="0">(DE-576)161507026</subfield>
   <subfield code="4">trl</subfield>
  </datafield>
  <datafield tag="700" ind1="1" ind2="2">
   <subfield code="a">Pirenne, Henri</subfield>
   <subfield code="d">1862-1935</subfield>
   <subfield code="t">Mahomet et Charlemagne &lt;dt.&gt;</subfield>
  </datafield>
  <datafield tag="787" ind1="0" ind2="8">
   <subfield code="i">Rezensiert in</subfield>
   <subfield code="a">Ennen, E.</subfield>
   <subfield code="t">[Rezension von: H. Pirenne, Geburt des Abendlandes, Untergang der Antike am Mittelmeer und Aufstieg des germanischen Mittelalters]</subfield>
   <subfield code="d">Darmstadt : L.C. Wittich, 1941</subfield>
   <subfield code="w">(DE-627)1727383427</subfield>
  </datafield>
  <datafield tag="936" ind1="r" ind2="v">
   <subfield code="a">NM 5400</subfield>
   <subfield code="b">Allgemeines</subfield>
   <subfield code="k">Geschichte</subfield>
   <subfield code="k">Geschichte des Mittelalters</subfield>
   <subfield code="k">Abendländische Geschichte im Mittelalter nach Zeitabschnitten</subfield>
   <subfield code="k">Von der Antike zum Mittelalter</subfield>
   <subfield code="k">Allgemeines</subfield>
   <subfield code="0">(DE-627)1271461633</subfield>
   <subfield code="0">(DE-625)rvk/126319:</subfield>
   <subfield code="0">(DE-576)201461633</subfield>
  </datafield>
  <datafield tag="936" ind1="r" ind2="v">
   <subfield code="a">NM 6040</subfield>
   <subfield code="b">Karl der Große (769 - 814)</subfield>
   <subfield code="k">Geschichte</subfield>
   <subfield code="k">Geschichte des Mittelalters</subfield>
   <subfield code="k">Abendländische Geschichte im Mittelalter nach Zeitabschnitten</subfield>
   <subfield code="k">Frühmittelalter (Fränkisches Reich 482 - 911)</subfield>
   <subfield code="k">Karolingerzeit (714 - 843)</subfield>
   <subfield code="k">Karl der Große (769 - 814)</subfield>
   <subfield code="0">(DE-627)1270915436</subfield>
   <subfield code="0">(DE-625)rvk/126351:</subfield>
   <subfield code="0">(DE-576)200915436</subfield>
  </datafield>
  <datafield tag="936" ind1="b" ind2="k">
   <subfield code="a">15.32</subfield>
   <subfield code="j">Fränkisches Reich</subfield>
   <subfield code="q">coli-conc RVK-&gt;BK</subfield>
   <subfield code="q">https://coli-conc.gbv.de/api/mappings/add7b3e8-b2fc-4696-a605-bb57963cf3c9</subfield>
   <subfield code="0">(DE-627)181569787</subfield>
  </datafield>
  <datafield tag="951" ind1=" " ind2=" ">
   <subfield code="a">BO</subfield>
  </datafield>
  <datafield tag="991" ind1=" " ind2=" ">
   <subfield code="a">Rezensiertes Werk</subfield>
  </datafield>
  <datafield tag="999" ind1=" " ind2=" ">
   <subfield code="a">KXP-PPN1071743988</subfield>
   <subfield code="e">4487522307</subfield>
  </datafield>
 </record>
</collection>
